Len originálna reklama je cestou vedúcou k prosperite
Rozhovor s prezidentom Slovenskej spoločnosti pre propagáciu P. Horňákom. Význam vytvorenia spoločnosti pre vzdelávanie propagačných pracovníkov. Charakteristika náplne práce spoločnosti. Problematika etiky v reklame. Štúdium reklamy a propagácie na vysokej škole nepostačujúce z kapacitných dôvodov....
Gespeichert in:
| 1. Verfasser: | |
|---|---|
| Weitere Verfasser: | |
| Format: | Buchkapitel |
| Sprache: | Slowakisch |
| Schlagworte: | |
| Tags: |
Keine Tags, Fügen Sie das erste Tag hinzu!
|
MARC
| LEADER | 00000naa a2200000 4500 | ||
|---|---|---|---|
| 001 | r017519 | ||
| 005 | 20221213100452.8 | ||
| 041 | 0 | |a slo | |
| 044 | |a SK | ||
| 245 | 1 | 0 | |a Len originálna reklama je cestou vedúcou k prosperite |c Pavel Horňák, K. Ovečková |
| 520 | |a Rozhovor s prezidentom Slovenskej spoločnosti pre propagáciu P. Horňákom. Význam vytvorenia spoločnosti pre vzdelávanie propagačných pracovníkov. Charakteristika náplne práce spoločnosti. Problematika etiky v reklame. Štúdium reklamy a propagácie na vysokej škole nepostačujúce z kapacitných dôvodov. Potreba vzniku vzdelávacej spoločnosti a príprava odborníkov pre oblasť reklamy. | ||
| 610 | 2 | 0 | |a reklama |
| 610 | 2 | 0 | |a propagácia |
| 610 | 2 | 0 | |a etika |
| 610 | 2 | 0 | |a štúdium vysokoškolské |
| 610 | 2 | 0 | |a príprava odborná |
| 610 | 2 | 0 | |a vzdelávanie |
| 610 | 2 | 0 | |a Slovenská spoločnosť pre propagáciu |
| 610 | 2 | 0 | |a organizácie neziskové |
| 100 | 1 | |a Horňák, Pavel | |
| 700 | 1 | |a Ovečková, K. | |